| 000 | 00537nam a2200181 a 4500 | ||
|---|---|---|---|
| 001 | 000042418 | ||
| 005 | 20201002040137.0 | ||
| 008 | 131128s1992 ag a r 000 0 spa d | ||
| 020 | _a8440631413 | ||
| 040 |
_aDO-SdBNP _bspa _cBNPHU |
||
| 082 |
_axxxx _bxxxx |
||
| 100 | 1 |
_aMarras, Sergio _969545 |
|
| 245 | 1 | 0 |
_aAmérica Latina : _bmarca registrada / _cSergio Marras. |
| 260 |
_aArgentina : _bGrupo editorial Zeta, _c1992. |
||
| 300 |
_a478 p. : _bil. ; _c24 cm. |
||
| 504 | _aBibliografĂa : p. 475-478 | ||
| 590 | _aInventariado, 2019/BT | ||
| 999 |
_c41907 _d41907 |
||